Modern Economics. (Record no. 384)

MARC details
005 - DATE AND TIME OF LATEST TRANSACTION
control field 20250620145749.0
020 ## - INTERNATIONAL STANDARD BOOK NUMBER
International Standard Book Number 9966-882-74-2
082 ## - DEWEY DECIMAL CLASSIFICATION NUMBER
Classification number 330 MUD
100 ## - MAIN ENTRY--PERSONAL NAME
Author name MUDIDA, R.
245 ## - TITLE STATEMENT
Title Modern Economics.
250 ## - EDITION STATEMENT
Edition statement 2nd Ed.
260 ## - PUBLICATION, DISTRIBUTION, ETC.
Place of publication, distribution, etc. Nairobi,
Name of publisher, distributor, etc. English Press,
Date of publication, distribution, etc. 2009.
300 ## - PHYSICAL DESCRIPTION
Extent x, 525p.: ill.; figure, table
Other physical details Index.
Dimensions 20cm.
942 ## - ADDED ENTRY ELEMENTS (KOHA)
Source of classification or shelving scheme Dewey Decimal Classification
Koha item type Books
Holdings
Date last seen Total checkouts Full call number Barcode Cost, replacement price Price effective from Koha item type Lost status Source of classification or shelving scheme Damaged status Not for loan Withdrawn status Home library Current library Shelving location Date acquired Cost, normal purchase price
07/01/2025   330MUD DOM0004608 90000.00 07/01/2025 Books   Dewey Decimal Classification       CBE Dodoma CBE Dodoma General Collection 07/01/2005 30000.00
03/11/2025   330 MUD 0000001272 90000.00 03/11/2025 Books   Dewey Decimal Classification       College of Business Education Main Library College of Business Education Main Library General Collection 03/11/2025 30000.00